000 01226nam a22002537a 4500
005 20250828164923.0
008 250828b |||||||| |||| 00| 0 eng d
020 _a978-93-95737-72-2 (pbk)
037 _cTB
040 _aCRL
_cCRL
041 _2hin
_ahin
084 _aw,1 152R3
_qCRL
245 _aहमारा जीवन हमारी यादें:
_bसंघर्षों की आग में तपकर आए सामाजिक नायाकों का आत्म - वृतांत
250 _aसंस्करण 2
260 _aनई दिल्ली, भारत:
_bराजकमल पेपरबैक्स,
_c2023.
300 _a134पृ.
365 _b199.00
_cINR
490 _aअपनी कहानी : श्रृंखला - 1
650 _2जीवन-वृत्तांत
650 _2हिन्दी कहानी
700 _aरामानन्द
_eसम्पादक
_9819247
942 _2CC
_cTB
_hw,1 152R3
_n0
_eसंस्करण 2
999 _c1434958
_d1434958